000 00923nam a22002657a 4500
001 BR8901977
003 BR-BrBNA
005 20230928093208.0
007 ta
008 230509b bl.||||| |||| 00| 0 por d
040 _aBR-BrBNA
_bpor
_cBiblioteca Nacional de Agricultura
041 _a(Por)
072 _aE70
_b/G514
090 _ E70 BR8901977
100 1 _aPaiva, B.M. de
110 1 _aUniversidade Federal de Vicosa, MG (Brasil)
_0Tese (Magister Scientiae)
245 1 _aCustos, margens e "markups" de comercializacao de hortigranjeiros no mercado atacadista de Belo Horizonte - Minas Gerais
260 3 _aVicosa, MG (Brasil):
_c1988.
300 _a48 p.
500 _a17 tables; 15 ref.; Summaries (Eng, Por). (*) Documento disponível na(o) Universidade Federal de Vicosa, MG (Brazil)
650 _aMERCADO ATACADISTA
650 _aBELO HORIZONTE
909 _a202309
_bLucia
_c55
_dLucia Elande
942 _cBK
999 _c43555
_d43555